[Event "Torneo de Otoño C.C.C. 2015"]
[Site "Colmenarejo ESP"]
[Date "2015.09.20"]
[Round "1.1"]
[White "Lucarelli, Leonardo"]
[Black "Lopez Perolio, Jorge"]
[Result "0-1"]
[WhiteElo "1552"]
[BlackElo "1886"]
[PlyCount "82"]
[EventDate "2015.09.20"]
[EventType "swiss"]
[EventRounds "7"]
[EventCountry "ESP"]
[Source "lmi"]
[SourceDate "2015.09.20"]

1. d4 g6 2. Nf3 Bg7 3. e3 f5 4. c3 Nf6 5. Bd3 O-O 6. O-O d6 7. Nbd2 Qe8 8. e4
fxe4 9. Nxe4 Nbd7 10. Nfg5 Nxe4 11. Ne6 Nef6 12. Nxc7 Qd8 13. Ne6 Qb6 14. Nxf8
Kxf8 15. Qe2 e5 16. Be3 e4 17. Bc4 d5 18. Bb3 a5 19. Qc2 Qc6 20. a3 a4 21. Ba2
b5 22. Rac1 Ba6 23. b4 axb3 24. Qxb3 Kg8 25. f3 b4 26. cxb4 Qe6 27. b5 Bb7 28.
Rc7 Qb6 29. Rfc1 exf3 30. gxf3 Bf8 31. a4 Bd6 32. R7c3 Kg7 33. Qd1 Ng8 34. Qf1
Rxa4 35. R1c2 Ne7 36. Rb3 Nf5 37. Qh3 Nf6 38. Qg2 Nxe3 39. Rxe3 Qxd4 40. Qd2
Qxd2 41. Rxd2 Bc5 0-1

[Event "Torneo de Otoño C.C.C. 2015"]
[Site "Colmenarejo ESP"]
[Date "2015.09.20"]
[Round "1.2"]
[White "Serrano Martinez, Francisco Jose"]
[Black "Firth, Roy Arthur"]
[Result "1-0"]
[WhiteElo "1880"]
[BlackElo "1437"]
[PlyCount "110"]
[EventDate "2015.09.20"]
[EventType "swiss"]
[EventRounds "7"]
[EventCountry "ESP"]
[Source "lmi"]
[SourceDate "2015.09.20"]

1. e4 e5 2. Nf3 d6 3. d4 exd4 4. Qxd4 Nc6 5. Bb5 Bd7 6. Bxc6 Bxc6 7. Nc3 Qf6 8.
Be3 Qxd4 9. Bxd4 f6 10. a4 a6 11. O-O O-O-O 12. b4 d5 13. exd5 Bxd5 14. Nxd5
Rxd5 15. c4 Rd8 16. Bc3 Kb8 17. b5 Bc5 18. bxa6 bxa6 19. Rfd1 Rxd1+ 20. Rxd1
Kc8 21. Rd5 Bd6 22. Ra5 Kb7 23. Ng5 Nh6 24. Ne6 Ng4 25. h3 Ne5 26. Nc5+ Bxc5
27. Rxc5 Nd7 28. Ra5 Nb6 29. c5 Nc4 30. c6+ Kb6 31. Rh5 Kxc6 32. Bd4 Kb7 33.
Rd5 Nd6 34. Kf1 Rd8 35. Be3 Nf7 36. Rc5 Rd1+ 37. Ke2 Rg1 38. g3 Ra1 39. Bf4 c6
40. Rc4 g5 41. Rb4+ Kc8 42. Be3 Ra2+ 43. Kd3 Ne5+ 44. Kc3 Ra3+ 45. Kc2 Nf3 46.
Kb2 Rd3 47. Rb6 Ne5 48. Rxa6 Rd7 49. Kc3 Kb7 50. Rb6+ Kc8 51. Bd4 Kc7 52. Ra6
Kb7 53. Ra5 c5 54. Rxc5 Rc7 55. Rxc7+ Kxc7 1-0

[Event "Torneo de Otoño C.C.C. 2015"]
[Site "Colmenarejo ESP"]
[Date "2015.09.20"]
[Round "1.3"]
[White "Martin Andres, Carlos"]
[Black "Fraga Suarez, Roberto"]
[Result "1-0"]
[WhiteElo "1437"]
[BlackElo "1828"]
[PlyCount "203"]
[EventDate "2015.09.20"]
[EventType "swiss"]
[EventRounds "7"]
[EventCountry "ESP"]
[Source "lmi"]
[SourceDate "2015.09.20"]

1. e4 d5 2. exd5 Nf6 3. c4 c6 4. Nc3 cxd5 5. d4 e6 6. cxd5 Nxd5 7. Bb5+ Nc6 8.
Nge2 Be7 9. O-O O-O 10. Bxc6 bxc6 11. Nxd5 Qxd5 12. Nc3 Qf5 13. a3 Rd8 14. Qa4
Bb7 15. Be3 Bd6 16. Rad1 Qh5 17. h3 Qg6 18. Ne2 c5 19. f3 cxd4 20. Bxd4 Qg5 21.
Qb3 Bd5 22. Qe3 Qxe3+ 23. Bxe3 Bc4 24. Rfe1 Be5 25. Rxd8+ Rxd8 26. b4 a6 27. f4
Bf6 28. Kf2 g6 29. Rc1 Bb5 30. Nc3 Bc6 31. Rd1 Rc8 32. Rd3 Ba8 33. Bd2 Kg7 34.
g3 h5 35. h4 Bc6 36. Ke3 Bg2 37. Ne4 Bb2 38. Nd6 Rb8 39. Rb3 Bf6 40. Ne4 Be7
41. Bc3+ f6 42. Ng5 Bd5 43. Rb2 Rc8 44. Kd3 Bc4+ 45. Ke3 e5 46. Ne4 exf4+ 47.
Kxf4 Bd3 48. Bd4 Rc4 49. Ke3 Bf1 50. Rf2 Bh3 51. Nxf6 Rxd4 52. Nxh5+ gxh5 53.
Kxd4 Be6 54. Ke5 Bc4 55. Rf5 Be2 56. Kf4 Bd6+ 57. Ke3 Bb5 58. Kf2 Kg6 59. Rg5+
Kh6 60. Ke3 Be7 61. Re5 Bf6 62. Re6 Kg6 63. Kf4 Kf7 64. Rb6 Bd4 65. Rh6 Be2 66.
Ke4 Bf2 67. Kf4 Kg7 68. Re6 Bb5 69. Re5 Kg6 70. Re6+ Kf7 71. Rh6 Be2 72. a4 Be1
73. Rb6 Bd2+ 74. Ke4 Be1 75. Ke3 Bf1 76. Kf3 Bc3 77. b5 axb5 78. axb5 Bh3 79.
Rh6 Bg4+ 80. Ke4 Ke7 81. Kd5 Kd7 82. Rh7+ Kc8 83. Kc6 Bf3+ 84. Kb6 Bd4+ 85. Ka6
Be2 86. Re7 Bf1 87. Re4 Bb2 88. g4 hxg4 89. Rxg4 Kd7 90. Rg1 Bc4 91. h5 Ke6 92.
h6 Kf7 93. h7 Bd3 94. Rh1 Bh8 95. Ka5 Kg7 96. b6 Be4 97. Rh4 Bb7 98. Kb5 Kg6
99. Kc5 Bf3 100. Kd6 Ba8 101. Kc7 Be5+ 102. Kc8 1-0

[Event "Torneo de Otoño C.C.C. 2015"]
[Site "Colmenarejo ESP"]
[Date "2015.09.20"]
[Round "1.4"]
[White "Garcia Fernandez, Jose Luis"]
[Black "Orta Vazquez, Mario"]
[Result "1-0"]
[WhiteElo "1789"]
[BlackElo "1409"]
[PlyCount "85"]
[EventDate "2015.09.20"]
[EventType "swiss"]
[EventRounds "7"]
[EventCountry "ESP"]
[Source "lmi"]
[SourceDate "2015.09.20"]

1. e4 c5 2. Nc3 Nc6 3. g3 g6 4. Bg2 Bg7 5. d3 e6 6. Nge2 Nge7 7. Bg5 O-O 8. Qd2
Qc7 9. Bh6 d6 10. Bxg7 Kxg7 11. O-O-O e5 12. h4 h5 13. Bh3 f5 14. f4 Be6 15.
Bg2 a6 16. Nd5 Bxd5 17. exd5 Nd4 18. fxe5 dxe5 19. c3 Nxe2+ 20. Qxe2 Qd6 21.
Rde1 Nxd5 22. Qxe5+ Qxe5 23. Rxe5 Nf6 24. Bxb7 Ra7 25. Bf3 Rc7 26. Rhe1 Rd8 27.
Kc2 Kf7 28. R1e3 Re8 29. Rxe8 Nxe8 30. Bd5+ Kf8 31. Re6 Rd7 32. Bc6 Re7 33.
Rxe7 Kxe7 34. Bxe8 Kxe8 35. b4 cxb4 36. cxb4 Kd7 37. Kc3 Kc6 38. Kc4 Kd6 39.
Kd4 Kc6 40. a4 Kd6 41. b5 a5 42. Ke3 Kd5 43. Kf4 1-0

[Event "Torneo de Otoño C.C.C. 2015"]
[Site "Colmenarejo ESP"]
[Date "2015.09.20"]
[Round "1.5"]
[White "Almodovar Manzanares, Vicente"]
[Black "Mataix Fernandez, Ricardo"]
[Result "0-1"]
[WhiteElo "1378"]
[BlackElo "1749"]
[PlyCount "49"]
[EventDate "2015.09.20"]
[EventType "swiss"]
[EventRounds "7"]
[EventCountry "ESP"]
[Source "lmi"]
[SourceDate "2015.09.20"]

1. e4 e5 2. Nf3 Nc6 3. Bb5 a6 4. Ba4 Nf6 5. d3 d6 6. Bg5 Be7 7. Nbd2 O-O 8. h3
b5 9. Bb3 Na5 10. a3 Nxb3 11. Nxb3 c5 12. c4 Be6 13. Qc2 Rb8 14. Nbd2 Nh5 15.
Be3 Nf4 16. Bxf4 exf4 17. b4 Qc7 18. cxb5 axb5 19. Nb3 Rfc8 20. Rc1 Qa7 21. Qb2
Bf6 22. d4 cxd4 23. Rxc8+ Rxc8 24. Nfxd4 Bxb3 25. Qxb3 0-1

[Event "Torneo de Otoño C.C.C. 2015"]
[Site "Colmenarejo ESP"]
[Date "2015.09.20"]
[Round "1.6"]
[White "Laveda Ayllon, Jose David"]
[Black "Pena Hernandez, Francisco"]
[Result "1-0"]
[WhiteElo "1695"]
[BlackElo "1374"]
[PlyCount "49"]
[EventDate "2015.09.20"]
[EventType "swiss"]
[EventRounds "7"]
[EventCountry "ESP"]
[Source "lmi"]
[SourceDate "2015.09.20"]

1. d4 d5 2. c4 Bf5 3. Nc3 Nf6 4. Bg5 Ne4 5. Nxe4 Bxe4 6. f3 Bg6 7. e3 h6 8. Bh4
dxc4 9. Bxc4 Qd6 10. Qb3 e6 11. a3 b6 12. Ne2 a6 13. Bg3 Qd7 14. Qc3 Be7 15.
Ba2 c6 16. O-O O-O 17. Nf4 Bh7 18. Nh5 Bg6 19. Nf4 Bh7 20. Nd3 Bf6 21. Ne5 Bxe5
22. Bxe5 Rc8 23. Rac1 c5 24. b4 cxb4 25. Qxc8+ 1-0

[Event "Torneo de Otoño C.C.C. 2015"]
[Site "Colmenarejo ESP"]
[Date "2015.09.20"]
[Round "1.7"]
[White "Pena Negueruela, Francisco"]
[Black "Dominguez Coig, Alvaro"]
[Result "0-1"]
[WhiteElo "1352"]
[BlackElo "1684"]
[PlyCount "80"]
[EventDate "2015.09.20"]
[EventType "swiss"]
[EventRounds "7"]
[EventCountry "ESP"]
[Source "lmi"]
[SourceDate "2015.09.20"]

1. e4 c5 2. c4 d6 3. d3 g6 4. Nc3 Bg7 5. Nf3 Nc6 6. g3 Bg4 7. Bg2 Nd4 8. Qa4+
b5 9. Nxb5 Nxf3+ 10. Bxf3 Bxf3 11. Nc7+ Kf8 12. Nxa8 Bxh1 13. Qxa7 Nf6 14. Nc7
Ng4 15. Bg5 h6 16. Bd2 Nxh2 17. Ba5 Qc8 18. Nd5 Bf6 19. Bc3 Bxc3+ 20. Nxc3 Nf3+
21. Ke2 Nd4+ 22. Kf1 Qh3+ 23. Ke1 Nc2+ 24. Kd2 Nxa1 25. Nd5 Qe6 26. Nf4 Qe5 27.
Kc1 Kg7 28. Kb1 g5 29. Ne2 Qf6 30. f4 gxf4 31. gxf4 Qh4 32. f5 Bxe4 33. Nc1
Bxf5 34. Qa4 Qe1 35. Qa3 Ra8 36. Qc3+ Qxc3 37. bxc3 h5 38. Kxa1 h4 39. Ne2 Bxd3
40. Nf4 Bxc4 0-1

[Event "Torneo de Otoño C.C.C. 2015"]
[Site "Colmenarejo ESP"]
[Date "2015.09.27"]
[Round "2.1"]
[White "Lopez Perolio, Jorge"]
[Black "Olmedo Alvarez, Jesus"]
[Result "1-0"]
[WhiteElo "1886"]
[BlackElo "1598"]
[PlyCount "63"]
[EventDate "2015.09.20"]
[EventType "swiss"]
[EventRounds "7"]
[EventCountry "ESP"]
[Source "lmi"]
[SourceDate "2015.09.20"]

1. Nf3 Nc6 2. e4 e5 3. Bb5 a6 4. Ba4 Nf6 5. O-O b5 6. Bb3 Be7 7. Re1 O-O 8. h3
Bb7 9. c3 Na5 10. Bc2 c5 11. Nxe5 d5 12. exd5 Qxd5 13. Nf3 Rfe8 14. d3 h6 15.
Be3 c4 16. d4 Bd6 17. Nbd2 b4 18. Rb1 Rab8 19. Ba4 Nc6 20. Qe2 Ne4 21. Qxc4
Qxc4 22. Nxc4 bxc3 23. Nxd6 Nxd6 24. bxc3 Re7 25. Bf4 Rxe1+ 26. Rxe1 Rd8 27.
Bc2 Ne8 28. Ne5 Nxe5 29. Rxe5 Bd5 30. Ba4 Kf8 31. Bxe8 Rxe8 32. Rxd5 1-0

[Event "Torneo de Otoño C.C.C. 2015"]
[Site "Colmenarejo ESP"]
[Date "2015.09.27"]
[Round "2.2"]
[White "Melcon Diez, Enrique"]
[Black "Serrano Martinez, Francisco Jose"]
[Result "1-0"]
[WhiteElo "1635"]
[BlackElo "1880"]
[PlyCount "43"]
[EventDate "2015.09.20"]
[EventType "swiss"]
[EventRounds "7"]
[EventCountry "ESP"]
[Source "lmi"]
[SourceDate "2015.09.20"]

1. c4 e6 2. g3 d5 3. Bg2 Nf6 4. d4 Be7 5. Nf3 O-O 6. O-O c5 7. cxd5 exd5 8.
dxc5 Bxc5 9. Bg5 h6 10. Bxf6 Qxf6 11. Qxd5 Qxb2 12. Qxc5 Qxa1 13. Nc3 Qb2 14.
Rb1 Qc2 15. Nd4 Qg6 16. Be4 Qg5 17. Bh7+ Kxh7 18. Qxf8 Bh3 19. e3 Qf6 20. Nd5
Qg6 21. Rxb7 Qd3 22. Nf6+ 1-0

[Event "Torneo de Otoño C.C.C. 2015"]
[Site "Colmenarejo ESP"]
[Date "2015.09.27"]
[Round "2.3"]
[White "Vazquez Rodriguez, Maria Elena"]
[Black "Garcia Fernandez, Jose Luis"]
[Result "0-1"]
[WhiteElo "1591"]
[BlackElo "1789"]
[PlyCount "100"]
[EventDate "2015.09.20"]
[EventType "swiss"]
[EventRounds "7"]
[EventCountry "ESP"]
[Source "lmi"]
[SourceDate "2015.09.20"]

1. d4 e6 2. Nf3 f5 3. Bf4 Nf6 4. e3 d5 5. Nbd2 Be7 6. Ne5 O-O 7. Bd3 c5 8. c3
c4 9. Bc2 Qb6 10. Rb1 Qa5 11. a3 Nbd7 12. h3 Qd8 13. g4 Ne4 14. Ndf3 Bh4 15.
Bxe4 fxe4 16. Nxh4 Nxe5 17. Bxe5 Qxh4 18. Bf4 Qe7 19. h4 g6 20. g5 Bd7 21. Be5
Be8 22. Qg4 b5 23. Qg3 Rc8 24. Ke2 Rf5 25. Rbf1 a5 26. Bd6 Qf7 27. Rh3 Rf3 28.
Qg4 Qf5 29. Qxf5 Rxf5 30. Rg1 Rd8 31. Be5 Rd7 32. Rg4 Rb7 33. Rf4 b4 34. Rxf5
exf5 35. axb4 axb4 36. Bd6 bxc3 37. bxc3 Rb2+ 38. Kf1 Ba4 39. Rh2 Bd1 40. Ke1
Bf3 41. Ba3 Rc2 42. Bb4 Kf7 43. Rh3 Ke6 44. Rh2 Kd7 45. Rh3 Kc6 46. Rh2 Kb5 47.
Rh3 Ka4 48. Rh2 Kb3 49. Rh3 Rxc3 50. Bxc3 Kxc3 0-1

[Event "Torneo de Otoño C.C.C. 2015"]
[Site "Colmenarejo ESP"]
[Date "2015.09.27"]
[Round "2.4"]
[White "Mataix Fernandez, Ricardo"]
[Black "Rijpkema, Rimme"]
[Result "1-0"]
[WhiteElo "1749"]
[BlackElo "1586"]
[PlyCount "45"]
[EventDate "2015.09.20"]
[EventType "swiss"]
[EventRounds "7"]
[EventCountry "ESP"]
[Source "lmi"]
[SourceDate "2015.09.20"]

1. e4 e6 2. d4 b6 3. Nf3 Bb7 4. Bd3 Nf6 5. Nbd2 c5 6. c3 Nc6 7. O-O Be7 8. a3
O-O 9. Nb3 d5 10. e5 Nd7 11. Bc2 c4 12. Nbd2 f6 13. Re1 a5 14. Nf1 fxe5 15.
Nxe5 Ndxe5 16. dxe5 Qc7 17. Qg4 Qd7 18. Qh5 g6 19. Bxg6 hxg6 20. Qxg6+ Kh8 21.
Re3 Bh4 22. Rh3 Qe7 23. Bg5 1-0

[Event "Torneo de Otoño C.C.C. 2015"]
[Site "Colmenarejo ESP"]
[Date "2015.09.27"]
[Round "2.6"]
[White "Dominguez Coig, Alvaro"]
[Black "Martin Andres, Carlos"]
[Result "1-0"]
[WhiteElo "1684"]
[BlackElo "1437"]
[PlyCount "39"]
[EventDate "2015.09.20"]
[EventType "swiss"]
[EventRounds "7"]
[EventCountry "ESP"]
[Source "lmi"]
[SourceDate "2015.09.20"]

1. e4 e6 2. d4 d5 3. e5 c5 4. c3 Qb6 5. Nf3 Nc6 6. Bd3 Bd7 7. O-O cxd4 8. cxd4
Nxd4 9. Nxd4 Qxd4 10. Nc3 Qxe5 11. Re1 Qd6 12. Nb5 Qb8 13. Qf3 Bxb5 14. Bxb5+
Ke7 15. Bf4 Qd8 16. Rac1 Rc8 17. Qa3+ Kf6 18. Be5+ Kg5 19. Qg3+ Kf5 20. Bd3#
1-0

[Event "Torneo de Otoño C.C.C. 2015"]
[Site "Colmenarejo ESP"]
[Date "2015.09.27"]
[Round "2.7"]
[White "Fraga Suarez, Roberto"]
[Black "Pena Negueruela, Francisco"]
[Result "1-0"]
[WhiteElo "1828"]
[BlackElo "1352"]
[PlyCount "85"]
[EventDate "2015.09.20"]
[EventType "swiss"]
[EventRounds "7"]
[EventCountry "ESP"]
[Source "lmi"]
[SourceDate "2015.09.20"]

1. e4 e5 2. Nf3 Nc6 3. Bb5 Bd6 4. O-O Nd4 5. Bc4 Qf6 6. Ne1 b5 7. Bd3 a6 8. c3
Ne6 9. a4 b4 10. Bc4 a5 11. d3 Nc5 12. Nf3 h6 13. d4 exd4 14. cxd4 Nxe4 15. Bd5
Nxf2 16. Rxf2 Rb8 17. Ne5 Qh4 18. Rf4 Qg5 19. Rxf7 Qh4 20. Rf4 Qg5 21. Re4 Qf5
22. Bf7+ Kf8 23. Bg6 Qf6 24. Rf4 Ke7 25. Rxf6 Nxf6 26. Qb3 Rf8 27. Qe3 Nd5 28.
Qe1 c5 29. dxc5 Bxc5+ 30. Kh1 Ba6 31. Nc4+ Kd8 32. Qh4+ Kc7 33. Nbd2 Rf4 34.
Qg3 Rbf8 35. h4 d6 36. Nf3 Rxc4 37. b3 Rc3 38. Bb2 Rc2 39. Bxc2 Ne3 40. Qxg7+
Kc6 41. Be4+ d5 42. Ne5+ Kd6 43. Qxf8+ 1-0

[Event "Torneo de Otoño C.C.C. 2015"]
[Site "Colmenarejo ESP"]
[Date "2015.09.27"]
[Round "2.8"]
[White "Pena Hernandez, Francisco"]
[Black "Garcia Diaz, Alejandro"]
[Result "0-1"]
[WhiteElo "1374"]
[BlackElo "1770"]
[PlyCount "58"]
[EventDate "2015.09.20"]
[EventType "swiss"]
[EventRounds "7"]
[EventCountry "ESP"]
[Source "lmi"]
[SourceDate "2015.09.20"]

1. d4 Nf6 2. Nc3 d5 3. Bf4 a6 4. h3 Bf5 5. e3 e6 6. a3 c5 7. Nf3 Nc6 8. Ne5
Nxe5 9. Bxe5 cxd4 10. Bxd4 Bd6 11. Bd3 Bxd3 12. Bxf6 Bxc2 13. Bxd8 Bxd1 14.
Rxd1 Rxd8 15. e4 dxe4 16. Nxe4 Be5 17. Rxd8+ Kxd8 18. b3 Ke7 19. Ke2 Rc8 20.
Rb1 f5 21. Ng5 Rc2+ 22. Kf1 Bd4 23. Nf3 Bxf2 24. Ne1 Bxe1 25. Rxe1 Rc3 26. Rb1
g5 27. a4 e5 28. b4 b5 29. axb5 axb5 0-1

[Event "Torneo de Otoño C.C.C. 2015"]
[Site "Colmenarejo ESP"]
[Date "2015.09.27"]
[Round "2.9"]
[White "Parra Deon, Enrique"]
[Black "Urruti Diaz, Anibal Agustin"]
[Result "0-1"]
[WhiteElo "1234"]
[BlackElo "1765"]
[PlyCount "78"]
[EventDate "2015.09.20"]
[EventType "swiss"]
[EventRounds "7"]
[EventCountry "ESP"]
[Source "lmi"]
[SourceDate "2015.09.20"]

1. e4 e5 2. Nf3 Nc6 3. d4 exd4 4. Nxd4 Qf6 5. Be3 Bc5 6. c3 Nge7 7. Bc4 Ne5 8.
Bb3 a6 9. O-O d6 10. f4 Ng4 11. Bd2 Bxd4+ 12. cxd4 Qxd4+ 13. Kh1 Nf2+ 14. Rxf2
Qxf2 15. Nc3 Ng6 16. f5 Nh4 17. Qf1 Qxd2 18. Rb1 Qg5 19. Nd5 Kd8 20. g3 Nxf5
21. exf5 Bxf5 22. Re1 Be6 23. Qf3 Rc8 24. h4 Qg4 25. Qxg4 Bxg4 26. Ne3 Bf3+ 27.
Kh2 f6 28. Nf5 g5 29. Nh6 Re8 30. Nf7+ Kd7 31. Rxe8 Rxe8 32. hxg5 Re2+ 33. Kg1
f5 34. Bd1 Rg2+ 35. Kf1 Bd5 36. Bb3 Bxb3 37. Ne5+ dxe5 38. Kxg2 Bxa2 39. Kf3
Kd6 0-1

[Event "Torneo de Otoño C.C.C. 2015"]
[Site "Colmenarejo ESP"]
[Date "2015.10.04"]
[Round "3.1"]
[White "Laveda Ayllon, Jose David"]
[Black "Lopez Perolio, Jorge"]
[Result "0-1"]
[WhiteElo "1695"]
[BlackElo "1886"]
[PlyCount "72"]
[EventDate "2015.09.20"]
[EventType "swiss"]
[EventRounds "7"]
[EventCountry "ESP"]
[Source "lmi"]
[SourceDate "2015.09.20"]

1. e4 d5 2. exd5 Qxd5 3. Nc3 Qa5 4. d4 c6 5. Bc4 Nf6 6. Nf3 Bf5 7. Bd2 e6 8.
Nd5 Qd8 9. Nxf6+ gxf6 10. Bf4 Nd7 11. Nh4 Be4 12. Qe2 f5 13. Nf3 Nb6 14. O-O-O
Nxc4 15. Qxc4 Qa5 16. Qb3 Qa6 17. a3 Bd5 18. Qe3 Be7 19. Rhe1 b5 20. Qc3 Rg8
21. g3 b4 22. axb4 Bxf3 23. Qxf3 Qa1+ 24. Kd2 Bxb4+ 25. Ke3 Qxb2 26. Qxc6+ Ke7
27. Qc7+ Kf6 28. Be5+ Kg6 29. h4 h5 30. Rd3 Rac8 31. Qxa7 Rxc2 32. Rf1 Rgc8 33.
Kf3 Re2 34. Bf4 Qc2 35. Qa6 Rc3 36. Rxc3 Qe4# 0-1

[Event "Torneo de Otoño C.C.C. 2015"]
[Site "Colmenarejo ESP"]
[Date "2015.10.04"]
[Round "3.2"]
[White "Garcia Fernandez, Jose Luis"]
[Black "Dominguez Coig, Alvaro"]
[Result "1-0"]
[WhiteElo "1789"]
[BlackElo "1684"]
[PlyCount "40"]
[EventDate "2015.09.20"]
[EventType "swiss"]
[EventRounds "7"]
[EventCountry "ESP"]
[Source "lmi"]
[SourceDate "2015.09.20"]

1. e4 e5 2. Nc3 Nf6 3. f4 d5 4. fxe5 Nxe4 5. Nf3 Bc5 6. d4 Nxc3 7. bxc3 Be7 8.
Bd3 Be6 9. O-O O-O 10. Qe1 Nd7 11. Qg3 f6 12. Bh6 Rf7 13. Rae1 c5 14. exf6 Bxf6
15. Rxe6 Kh8 16. Bg5 c4 17. Bxf6 Nxf6 18. Ne5 Rf8 19. Bf5 Rc8 20. Qh3 Rc7 1-0

[Event "Torneo de Otoño C.C.C. 2015"]
[Site "Colmenarejo ESP"]
[Date "2015.10.04"]
[Round "3.3"]
[White "Melcon Diez, Enrique"]
[Black "Mataix Fernandez, Ricardo"]
[Result "1-0"]
[WhiteElo "1635"]
[BlackElo "1749"]
[PlyCount "63"]
[EventDate "2015.09.20"]
[EventType "swiss"]
[EventRounds "7"]
[EventCountry "ESP"]
[Source "lmi"]
[SourceDate "2015.09.20"]

1. c4 Nf6 2. Nc3 g6 3. e4 d6 4. d4 c6 5. f4 Bg7 6. Nf3 O-O 7. Bd3 a6 8. O-O b5
9. e5 Ne8 10. Be3 bxc4 11. Bxc4 d5 12. Bd3 e6 13. Qd2 a5 14. Rac1 Nc7 15. h4
Ba6 16. Kf2 h5 17. Rh1 Bxd3 18. Qxd3 Nca6 19. a3 Nd7 20. Na4 Qc7 21. g4 hxg4
22. Ng5 Rfe8 23. h5 f6 24. exf6 Nxf6 25. Qxg6 Ne4+ 26. Nxe4 dxe4 27. h6 Re7 28.
hxg7 Rxg7 29. Qxe6+ Rf7 30. Qxg4+ Rg7 31. Qh4 Rf7 32. Rcg1+ 1-0

[Event "Torneo de Otoño C.C.C. 2015"]
[Site "Colmenarejo ESP"]
[Date "2015.10.04"]
[Round "3.4"]
[White "Serrano Martinez, Francisco Jose"]
[Black "Rijpkema, Rimme"]
[Result "1-0"]
[WhiteElo "1880"]
[BlackElo "1586"]
[PlyCount "71"]
[EventDate "2015.09.20"]
[EventType "swiss"]
[EventRounds "7"]
[EventCountry "ESP"]
[Source "lmi"]
[SourceDate "2015.09.20"]

1. d4 e6 2. c4 Nf6 3. Nf3 b6 4. a3 Bb7 5. Nc3 Be7 6. Qc2 O-O 7. e4 d6 8. Bd3 h6
9. O-O Nbd7 10. b4 c5 11. d5 Rc8 12. b5 Ng4 13. Bf4 e5 14. Bg3 Ngf6 15. Nd2 Nh5
16. Ne2 g5 17. a4 f6 18. Nb3 a5 19. bxa6 Bxa6 20. Nc3 Qc7 21. Nb5 Bxb5 22. axb5
Ra8 23. Be2 Ng7 24. Ra2 h5 25. h4 Rxa2 26. Qxa2 g4 27. Ra1 f5 28. exf5 Nxf5 29.
Qc2 Bxh4 30. Qe4 Bxg3 31. fxg3 Qc8 32. Rf1 Nxg3 33. Qg6+ Kh8 34. Bd3 Rxf1+ 35.
Bxf1 Nxf1 36. Qxh5+ 1-0

[Event "Torneo de Otoño C.C.C. 2015"]
[Site "Colmenarejo ESP"]
[Date "2015.10.04"]
[Round "3.5"]
[White "Lucarelli, Leonardo"]
[Black "Fraga Suarez, Roberto"]
[Result "0-1"]
[WhiteElo "1552"]
[BlackElo "1828"]
[PlyCount "66"]
[EventDate "2015.09.20"]
[EventType "swiss"]
[EventRounds "7"]
[EventCountry "ESP"]
[Source "lmi"]
[SourceDate "2015.09.20"]

1. d4 Nf6 2. Nf3 e6 3. e3 b6 4. Bd3 Bb7 5. Nbd2 d5 6. O-O Be7 7. Re1 O-O 8. e4
dxe4 9. Nxe4 c5 10. c3 cxd4 11. Qc2 h6 12. Nxd4 Nc6 13. Be3 Rc8 14. a3 Qc7 15.
Nf3 Nd5 16. Qd2 Nxe3 17. Qxe3 Rcd8 18. Rad1 Ne5 19. Nd4 Nxd3 20. Rxd3 Bd5 21.
Qg3 Qc4 22. b3 Qc8 23. c4 Bb7 24. a4 a6 25. Qe3 e5 26. Nf3 Rxd3 27. Qxd3 Qf5
28. Nf6+ Qxf6 29. Nxe5 Bc5 30. Qe2 Qg5 31. g3 Re8 32. Nxf7 Rxe2 33. Nxg5 Rxe1#
0-1

[Event "Torneo de Otoño C.C.C. 2015"]
[Site "Colmenarejo ESP"]
[Date "2015.10.04"]
[Round "3.6"]
[White "Garcia Diaz, Alejandro"]
[Black "Firth, Roy Arthur"]
[Result "1-0"]
[WhiteElo "1770"]
[BlackElo "1437"]
[PlyCount "85"]
[EventDate "2015.09.20"]
[EventType "swiss"]
[EventRounds "7"]
[EventCountry "ESP"]
[Source "lmi"]
[SourceDate "2015.09.20"]

1. e4 e5 2. Nf3 d6 3. d4 exd4 4. Qxd4 Nc6 5. Bb5 Bd7 6. Bxc6 Bxc6 7. Bg5 f6 8.
Be3 Qd7 9. Nc3 Ne7 10. O-O-O Ng6 11. h3 Be7 12. Rhe1 O-O 13. Qc4+ Kh8 14. Nd4
Ne5 15. Qe2 a6 16. f4 Nf7 17. g4 b5 18. a3 Rfb8 19. h4 b4 20. axb4 Rxb4 21.
Nxc6 Qxc6 22. Nd5 Ra4 23. Nxe7 Qxe4 24. b3 Ra1+ 25. Kb2 Rxd1 26. Qxd1 Qxe7 27.
Bd4 Qd7 28. Qe2 Kg8 29. g5 fxg5 30. hxg5 c5 31. Bf2 a5 32. Rd1 Qc6 33. Qc4 Kf8
34. Qd3 g6 35. Qh3 Kg7 36. Rh1 Rh8 37. Be1 d5 38. Qf3 Qe6 39. Qc3+ Kg8 40. Qxc5
h6 41. Bc3 Rh7 42. Re1 Qd7 43. Qxd5 1-0

[Event "Torneo de Otoño C.C.C. 2015"]
[Site "Colmenarejo ESP"]
[Date "2015.10.04"]
[Round "3.7"]
[White "Urruti Diaz, Anibal Agustin"]
[Black "Orta Vazquez, Mario"]
[Result "1-0"]
[WhiteElo "1765"]
[BlackElo "1409"]
[PlyCount "73"]
[EventDate "2015.09.20"]
[EventType "swiss"]
[EventRounds "7"]
[EventCountry "ESP"]
[Source "lmi"]
[SourceDate "2015.09.20"]

1. e4 c6 2. d4 e6 3. Nf3 d5 4. e5 c5 5. c3 cxd4 6. Qxd4 Nc6 7. Bb5 Bd7 8. Bxc6
Bxc6 9. O-O g6 10. Na3 Bh6 11. Nc2 Bxc1 12. Raxc1 Ne7 13. Qf4 Nf5 14. g4 Ng7
15. Qh6 Kf8 16. Ncd4 Kg8 17. Ng5 f6 18. Ndxe6 Nxe6 19. Nxe6 Qd7 20. exf6 Qf7
21. g5 Bd7 22. Rfe1 Re8 23. Qg7+ Qxg7 24. fxg7 Bxe6 25. gxh8=Q+ Kxh8 26. Re3
Kg7 27. Rce1 Kf7 28. f4 a6 29. h4 b5 30. Kf2 a5 31. Kg3 a4 32. h5 Bd7 33. Rxe8
Bxe8 34. f5 Bd7 35. fxg6+ hxg6 36. h6 Bf5 37. Re7+ 1-0

[Event "Torneo de Otoño C.C.C. 2015"]
[Site "Colmenarejo ESP"]
[Date "2015.10.04"]
[Round "3.8"]
[White "Martin Andres, Carlos"]
[Black "Rodriguez Gomez, Jose"]
[Result "0-1"]
[WhiteElo "1437"]
[BlackElo "1650"]
[PlyCount "135"]
[EventDate "2015.09.20"]
[EventType "swiss"]
[EventRounds "7"]
[EventCountry "ESP"]
[Source "lmi"]
[SourceDate "2015.09.20"]

1. e4 e5 2. f4 Nc6 3. Nf3 d6 4. d4 exd4 5. Nxd4 Bd7 6. Be2 Nf6 7. Nc3 Be7 8.
O-O O-O 9. Be3 a6 10. Nxc6 Bxc6 11. Qd4 Re8 12. Nd5 Nxd5 13. exd5 Bf6 14. Qd2
Bxd5 15. Qxd5 Rxe3 16. Bc4 Qe8 17. Rab1 Rb8 18. Kf2 Re7 19. Rfe1 Qd7 20. Rxe7
Qxe7 21. Re1 Qd7 22. c3 c6 23. Qh5 g6 24. Qe2 Qf5 25. Qe3 Qc5 26. Qxc5 dxc5 27.
g3 b5 28. Bd3 Rd8 29. Be4 Rd6 30. Bf3 b4 31. cxb4 cxb4 32. b3 c5 33. Re2 Kg7
34. Rc2 Bc3 35. h3 f5 36. Bb7 a5 37. Ke3 Kf6 38. Kf3 h6 39. g4 fxg4+ 40. hxg4
Rd4 41. Rh2 Kg7 42. Re2 c4 43. bxc4 Rxc4 44. Bd5 Rc7 45. Bb3 Ra7 46. Ke4 a4 47.
Bc4 a3 48. Ke3 Rc7 49. Bb3 Bf6 50. Rc2 Re7+ 51. Kf3 Bc3 52. Re2 Rd7 53. Ke3 Kf6
54. Kf3 Rd6 55. Re3 Bd2 56. g5+ hxg5 57. fxg5+ Kxg5 58. Re5+ Kf6 59. Ke4 Bc3
60. Re8 Rd4+ 61. Ke3 Rh4 62. Re6+ Kf5 63. Rc6 g5 64. Bc2+ Kg4 65. Rc4+ Kg3 66.
Rc5 Bd4+ 67. Kd3 Bxc5 68. Bb3 0-1